000 01149nam a22003134a 4500
001 UByD003388
003 AR-LpoUNG
005 20241127152926.0
008 241127s1997 ukab g d 000 0 eng d
020 _a0194312453
040 _aAR-LpoUNG
_bspa
_cAR-LpoUNG
_eaacr
041 1 _aeng
_aspa
082 0 _aR423 734dic
100 1 _aWillis, Judith
_eed.
245 1 0 _aDiccionario Oxford pocket :
_bedición rioplatense para estudiantes argentinos y uruguayos de inglés : español-inglés inglés-español
250 _a1ra. ed.
260 _aOxford :
_bOxford University,
_c1997.
300 _a691 p. :
_bil., mapas
505 _aIncluye apéndices de: expresiones numéricas, verbos irregulares, nombres de personas, nombres de lugar, principales ciudades de islas británicas, división territorial de EE.UU. y mapas de EE.UU. y Canadá (p.677-691).
650 4 _aDICCIONARIOS
650 4 _aLENGUA INGLESA
650 4 _aLENGUA ESPAÑOLA
650 4 _aLEXICOGRAFIA
650 4 _aMATERIAL DE REFERENCIA
650 4 _aTERMINOLOGIA
653 0 _aDICCIONARIOS BILINGÜES
653 0 _aDICCIONARIOS DE INGLES
942 _2ddc
_cLSALA
999 _c66064
_d66064